Programming with Microsoft visual basic 2015 / (رقم التسجيلة. 40404)

تفاصيل مارك
000 -الفاتح
حقل البيانات ثابتة الطول 00706nam a22002655i 4500
001 - رقم الضبط
رقم الضبط 19608759
003 - محدد رقم الضبط
رقم الضبط OSt
005 - وقت وتاريخ اخر تعامل مع التسجيلة
رقم الضبط 20170803200334.0
008 - عناصر البيانات ثابتة الطول - معلومات عامة
حقل البيانات ثابتة الطول 170421s2016 nyu 000 0 eng
010 ## - رقم ضبط مكتبة الكونجرس
رقم ضبط مكتبة الكونجرس 2017940681
020 ## - الرقم الدولى المعيارى للكتب
الرقم الدولى المعيارى للكتاب 9781337102124 (alk. paper)
020 ## - الرقم الدولى المعيارى للكتب
الرقم الدولى المعيارى للكتاب 9781285860268
020 ## - الرقم الدولى المعيارى للكتب
الرقم الدولى المعيارى للكتاب 1337102121 (alk. paper)
040 ## - مصدر الفهرسة
وكالة الفهرسة الأصلية DLC
لغة الفهرسة eng
قواعد الوصف rda
وكالة النسخ DLC
042 ## - رمز التحقق
رمز التحقق pcc
082 ## - رقم تصنيف ديوى العشرى
رقم الطبعة 23
رقم التصنيف 006.7882
رقم المادة ZDP
100 1# - المدخل الرئيسى - إسم شخصى
الإسم الشخصى Zak, Diane.
9 (RLIN) 58433
245 10 - بيان العنوان
العنوان Programming with Microsoft visual basic 2015 /
بيان المسئوليه,etc Diane Zak.
250 ## - بيان الطبعة
بيان الطبعة 8th edition.
263 ## - تاريخ النشر المتوقع
تاريخ النشر المتوقع 1706
300 ## - الوصف المادى
التعداد pages cm
906 ## - عنصر بيانات محلى F, LDF (RLIN)
a 0
b ibc
c orignew
d 2
e epcn
f 20
g y-gencatlg
942 ## - عناصر المدخل الإضافي( كوها)
مصدر التصنيف او مخطط الترفيف Dewey Decimal Classification
Koha [default] item type كتاب
المقتنيات
حالة الفقد نموذج السعر الفعال حالة تلف ليس للاعارة رقم الطلب تاريخ الاكتساب الموقع الحالي الباركود الفرع الرئيسي Date last checked out Date last seen نوع المادة فى نظام كوها مصدر التصنيف او خطة الترفيف Total Checkouts
  2017-08-03     006.7882 ZDP 2017-08-03 المكتبة المركزية بالمجمعة (CL) 00656098 المكتبة المركزية بالمجمعة (CL) 2017-12-05 2019-03-21 كتاب Dewey Decimal Classification 1
  2017-08-03     006.7882 ZDP 2017-08-03 المكتبة المركزية بالمجمعة (CL) 00656099 المكتبة المركزية بالمجمعة (CL)   2017-08-03 كتاب Dewey Decimal Classification  
  2017-08-03     006.7882 ZDP 2017-08-03 المكتبة المركزية بالمجمعة (CL) 00656100 المكتبة المركزية بالمجمعة (CL)   2017-08-03 كتاب Dewey Decimal Classification